000 00410cam a22001337a 4500
008 180718b1999 xxu||||| |||| 00| 0 eng d
082 _aA81x54 91/15/PT11
100 _aCensus of India 1991
245 _aManipur: census atlas
260 _aDelhi
_bThe Controller of Publications
_c1999
300 _a125+p.
440 _aCensus of India 1991. Series-15, Manipur. Part XI
650 _aManipur - Atlases - Census
999 _c486833
_d486833